Labour Market in Slovakia 2019+
Salvato in:
| Autore principale: | |
|---|---|
| Enti autori: | , |
| Altri autori: | , , , , , , , , |
| Natura: | Libro |
| Lingua: | inglese |
| Pubblicazione: |
Bratislava
Slovenská akadémia vied
2018
|
| Edizione: | 1st Edition |
| Soggetti: | |
| Tags: |
Nessun Tag, puoi essere il primo ad aggiungerne!!
|
MARC
| LEADER | 00000nlm a2200000 4500 | ||
|---|---|---|---|
| 001 | 0253113 | ||
| 005 | 20240826115426.3 | ||
| 020 | |a 978-80-7144-296-7 | ||
| 020 | |a 978-80-7144-297-4 | ||
| 041 | 0 | |a eng | |
| 044 | |a SK | ||
| 245 | 1 | 0 | |a Labour Market in Slovakia 2019+ |c Miroslav Štefánik et al. ; Reviewers: Daniel Škobla, Mária Vojtková |
| 250 | |a 1st Edition | ||
| 264 | 1 | |a Bratislava |b Slovenská akadémia vied |c 2018 | |
| 300 | |a 167 s. | ||
| 610 | 2 | 0 | |a trh práce |
| 610 | 2 | 0 | |a nezamestnanosť |
| 610 | 2 | 0 | |a zamestnanci |
| 610 | 2 | 0 | |a cudzinci |
| 610 | 2 | 0 | |a zručnosti |
| 610 | 2 | 0 | |a politika zamestnanosti |
| 610 | 2 | 0 | |a miesta pracovné |
| 610 | 2 | 0 | |a školenie odborné |
| 610 | 2 | 0 | |a podpora zamestnanosti |
| 610 | 2 | 0 | |a mobilita sociálna |
| 610 | 2 | 0 | |a miera nezamestnanosti |
| 610 | 2 | 0 | |a prognózy krátkodobé |
| 610 | 2 | 0 | |a Slovensko |
| 100 | 1 | |a Štefánik, Miroslav | |
| 700 | 1 | |a Džambazovič, Roman | |
| 700 | 1 | |a Gerbery, Daniel | |
| 700 | 1 | |a Karasová, Katarína, 1989- | |
| 700 | 1 | |a Lichner, Ivan | |
| 700 | 1 | |a Miklošovič, Tomáš | |
| 700 | 1 | |a Polačková, Zuzana | |
| 700 | 1 | |a Radvanský, Marek | |
| 700 | 1 | |a Rublíková, Eva | |
| 700 | 1 | |a Studená, Ivana | |
| 710 | 2 | |a Slovenská akadémia vied | |
| 710 | 2 | |a Univerzita Komenského v Bratislave | |